The science of food : (Record no. 188521)

000 -LEADER
fixed length control field 01340 a2200253 4500
003 - CONTROL NUMBER IDENTIFIER
control field Nust
005 - DATE AND TIME OF LATEST TRANSACTION
control field 20230104095701.0
010 ## - LIBRARY OF CONGRESS CONTROL NUMBER
LC control number 76027697
020 ## - INTERNATIONAL STANDARD BOOK NUMBER
International Standard Book Number 0080199488 :
-- 008019947X
040 ## - CATALOGING SOURCE
Transcribing agency Nust
082 00 - DEWEY DECIMAL CLASSIFICATION NUMBER
Classification number 641.1,GAM
100 1# - MAIN ENTRY--PERSONAL NAME
Personal name Gaman, P. M.
9 (RLIN) 106728
245 14 - TITLE STATEMENT
Title The science of food :
Remainder of title an introduction to food science, nutrition, and microbiology /
Statement of responsibility, etc. P. M. Gaman and K. B. Sherrington.
250 ## - EDITION STATEMENT
Edition statement 1st ed.
260 ## - PUBLICATION, DISTRIBUTION, ETC.
Place of publication, distribution, etc. Oxford ;
-- New York :
Name of publisher, distributor, etc. Pergamon Press,
Date of publication, distribution, etc. 1977.
300 ## - PHYSICAL DESCRIPTION
Extent xi, 300 p. :
Other physical details ill. ;
Dimensions 21 cm.
440 #0 - SERIES STATEMENT/ADDED ENTRY--TITLE
Title Pergamon international library of science, technology, engineering, and social studies
9 (RLIN) 7281
505 ## - FORMATTED CONTENTS NOTE
Formatted contents note Measurement and Metrication (Page-1), Basic Chemistry (Page-10), Organic Chemistry (Page-34), Solutions and Colloids (Page-52), Carbohydrates (Page-61), Fats (Page-76), Proteins (Page-90), Vitamins (Page-110), Mineral Elements and water (Page-135), Basic Physiology (Page-152), Enzymes and Digestion (Page-169), Food and Energy (Page-179), Commodities (Page-189), An Introduction to Microbiology (Page-216), Food Poisoning and its Prevention (Page-244), Food Spoilage and Food Preservation (Page-271).
650 #0 - SUBJECT ADDED ENTRY--TOPICAL TERM
Topical term or geographic name entry element Food
General subdivision Composition.
9 (RLIN) 106729
650 #0 - SUBJECT ADDED ENTRY--TOPICAL TERM
Topical term or geographic name entry element Food
General subdivision Microbiology.
9 (RLIN) 106730
650 #0 - SUBJECT ADDED ENTRY--TOPICAL TERM
Topical term or geographic name entry element Nutrition.
9 (RLIN) 37332
700 1# - ADDED ENTRY--PERSONAL NAME
Personal name Sherrington, K. B.,
9 (RLIN) 106731
942 ## - ADDED ENTRY ELEMENTS (KOHA)
Source of classification or shelving scheme
Koha item type Book
Holdings
Withdrawn status Lost status Source of classification or shelving scheme Damaged status Not for loan Permanent Location Current Location Shelving location Date acquired Full call number Barcode Date last seen Price effective from Koha item type Public note
          Military College of Signals (MCS) Military College of Signals (MCS) General Stacks 12/12/2016 641.1,GAM MCS20843 12/08/2016 12/12/2016 Book Almirah No.42, Shelf No.2
© 2023 Central Library, National University of Sciences and Technology. All Rights Reserved.